000 00355nam a2200145Ia 4500
008 240624s9999 xx 000 0 und d
041 _aeng
082 _a658.3 DES
100 _aDESSLER GARY
245 _aHUMAN RESOURCE MANAGEMENT
250 _a(12th ed.)
260 _c2011
_aNew Delhi
_bPearson
300 _axxv, : 736 : p. : cm. ; 28
365 _cRS
999 _c20839
_d20839